00361nam a2200133Ia 4500008004100000041000800041082001800049100004900067245002700116260004200143300001600185365000700201650001900208210719s1976 xx 000 0 und d aeng a894.8141 KANM aKANAVI (Chennaveera) and RAO (K Raghavendra) aModern kannada poetry. aDharwar.bKarnatak University.,c1976 axxv,117bHB cRs aKannada Poetry